Countries With the Letter E - Statistics

General Stats
  • This quiz has been taken 139 times
    110 since last reset
  • The average score is 76 of 86
Answer Stats
Countries % Correct
United Statesof America
99%
Estonia
96%
Ethiopia
96%
Israel
96%
Turkey
96%
United Kingdom
96%
Yemen
96%
Argentina
95%
Denmark
95%
Ireland
95%
Algeria
93%
France
93%
Grenada
93%
Iceland
93%
Netherlands
93%
Serbia
93%
Slovenia
93%
Belarus
92%
Belgium
92%
Dominican Republic
92%
Eritrea
92%
Eswatini
92%
Greece
92%
Lebanon
92%
Mexico
92%
New Zealand
92%
North Macedonia
92%
Saint Vincent andthe Grenadines
92%
Sweden
92%
United ArabEmirates
92%
Venezuela
92%
Czech Republic
91%
Democratic Republicof the Congo
91%
Egypt
91%
Germany
91%
Liechtenstein
91%
Turkmenistan
91%
Vietnam
91%
Zimbabwe
91%
Azerbaijan
89%
Chile
89%
Indonesia
89%
Kenya
89%
South Korea
89%
Uzbekistan
89%
Armenia
88%
Bosnia andHerzegovina
88%
El Salvador
88%
North Korea
88%
Republic ofthe Congo
88%
Ecuador
87%
Georgia
87%
Guatemala
87%
Maldives
87%
Montenegro
87%
Niger
87%
Nigeria
87%
Saint Kittsand Nevis
87%
Switzerland
87%
Belize
85%
Liberia
85%
Peru
85%
Cape Verde
84%
Equatorial Guinea
84%
Lesotho
84%
Luxembourg
84%
Suriname
84%
Benin
83%
Central AfricanRepublic
83%
East Timor
83%
Federated Statesof Micronesia
83%
Nepal
83%
Seychelles
83%
Brunei
81%
Guinea
81%
Guinea-Bissau
81%
Senegal
81%
Cameroon
80%
Mozambique
80%
Papua New Guinea
80%
Philippines
80%
Sierra Leone
80%
Ukraine
80%
Sao Tome andPrincipe
79%
Singapore
77%
Bangladesh
76%
No matching quizzes found
Score Distribution
Percent of People with Each Score
Percentile by Number Answered
Your Score History
You have not taken this quiz since the last reset